000 01101cab a2200229 4500
001 ##L131300
008 051018n2005 000 0 eng u
035 _a(Sirsi) u131300
041 0 _aeng
100 1 _aMurdoch, John
245 0 0 _aDuty of care limitation
260 3 _c2005
490 0 _aEstates Gazette
_v(0540) 8 October 2005, 183(1)
520 _aDiscusses the case law since "Yianni v Edwin Evans and Sons" ([1981] 259 EG 969) in respect of independent chartered surveyors carrying out mortgage valuations for a building society being held liable for negligence by purchasers of inspected houses, in particular "Smith v Eric S Bush (a firm)" ([1989] 1 EGLR 169). Points out that a mortgage valuer's duty of care to a residential purchaser does not extend to a property developer's commercial venture.
590 _aIKA251005
650 2 4 _aYIANNI V EDWIN EVANS AND SONS
650 2 4 _aWILSON V D M HALL AND SONS
650 2 4 _aQURESHI V LIASSIDES
650 2 4 _aSMITH V ERIC S BUSH (A FIRM)
690 _aMANAGEMENT-BUSINESS MANAGEMENT-PROFESSIONAL PRACTICE-NEGLIGENCE
942 _n0
999 _c76030
_d76030